000 00290nam a2200121Ia 4500
008 220204s9999 xx 000 0 und d
082 _a62-03
_bSUR
245 0 _aEngineering materials
250 _aEd.2
260 _aNew Delhi
_bVikas
_c1979
650 _aEngineering materials
942 _cBK
999 _c32199
_d32199